|
|
|
|
| LEADER |
00000ny a22000003n 4500 |
| 005 |
20110509122822.0 |
| 008 |
040922s sp r p s 000 b0spa c |
| 022 |
|
|
|a 1696-0173
|
| 035 |
|
|
|a 205
|
| 040 |
|
|
|a UMA.CEE
|d UMA.DER
|d vlex
|
| 080 |
|
|
|a 336.22(05)
|
| 080 |
|
|
|a 351.713(05)
|
| 080 |
|
|
|a UMA.RE
|
| 090 |
|
|
|c 1440
|d 1440
|
| 245 |
0 |
0 |
|a Nueva fiscalidad
|h [Recurso electrn̤ico]
|
| 256 |
|
|
|a Servicio en ln̕ea
|
| 260 |
|
|
|a Madrid :
|b Editorial de Derecho Financiero
|
| 310 |
|
|
|a Mensual
|
| 500 |
|
|
|a Editada desde 2003 por Dykinson
|
| 506 |
1 |
|
|a Contenido solo disponible en los productos indicados
|d vLex Global
|d vLex Global (Academic Edition, excluding Law Schools)
|d vLex Global (U.S. Academic Edition, Law Schools)
|d vLex Global (U.S. Academic Edition, excluding Law Schools)
|d vLex Global (Academic Edition, Law Schools)
|
| 650 |
|
|
|a Derecho fiscal
|2 Tesauro vLex
|
| 650 |
|
|
|a Tributario
|2 Tesauro vLex
|
| 650 |
|
|
|a Derecho tributario
|2 Tesauro vLex
|
| 740 |
0 |
|
|a vLex Revista (Servicios en ln̕ea)
|
| 853 |
|
|
|8 1
|i (year)
|j (month)
|k (day)
|
| 856 |
4 |
0 |
|u http://vlex.com/source/205
|z Acceso restringido
|
| 942 |
|
|
|c REV
|